| 000 | 00341nam a22001097a 4500 | ||
|---|---|---|---|
| 008 | 230314b |||||||| |||| 00| 0 eng d | ||
| 082 | _a599 | ||
| 100 | _aDepartment of Forests & Park Services, RGOB | ||
| 245 |
_aMammals of Jigme Singye Wangchuck National Park _b"A glance through the wild binoculars" |
||
| 300 |
_a55 p. _c21.5 cm |
||
| 942 | _2ddc | ||
| 999 |
_c9416 _d9417 |
||